हिन्दी गद्य लेखन में व्यंग्य और विचार / (Record no. 118087)

MARC details
000 -LEADER
fixed length control field 01198nam a22002537a 4500
005 - DATE AND TIME OF LATEST TRANSACTION
control field 20170124103106.0
010 ## - LIBRARY OF CONGRESS CONTROL NUMBER
LC control number B-117145
020 ## - INTERNATIONAL STANDARD BOOK NUMBER
Terms of availability 100.00
International Standard Book Number 8171198791
035 ## - SYSTEM CONTROL NUMBER
System control number B-117145
037 ## - SOURCE OF ACQUISITION
Source of stock number/acquisition Cen Lib/Ret
040 ## - CATALOGING SOURCE
Original cataloging agency DPL
Language of cataloging HN
082 ## - DEWEY DECIMAL CLASSIFICATION NUMBER
Classification number 823.08
Item number सुरेश
100 ## - MAIN ENTRY--PERSONAL NAME
Personal name सुरेश कान्त
9 (RLIN) 78273
245 ## - TITLE STATEMENT
Title हिन्दी गद्य लेखन में व्यंग्य और विचार /
Statement of responsibility, etc सुरेश कान्त
246 ## - VARYING FORM OF TITLE
Title proper/short title Hindi gadya lekhan mein vyangay aur vichar /
Remainder of title by Suresh kant
260 ## - PUBLICATION, DISTRIBUTION, ETC. (IMPRINT)
Place of publication, distribution, etc दिल्ली
Name of publisher, distributor, etc राधाकृष्ण प्रकाशन
Date of publication, distribution, etc 2004
270 ## - ADDRESS
Address ज़ी-17, जगत पूरी
City दिल्ली
Postal code 110051
300 ## - PHYSICAL DESCRIPTION
Extent vii, 382पृ.
Dimensions 21सेमी (सजिल्द)
650 ## - SUBJECT ADDED ENTRY--TOPICAL TERM
Topical term or geographic name as entry element हिन्दी साहित्य--व्यंग्य-संकलन
9 (RLIN) 78274
650 ## - SUBJECT ADDED ENTRY--TOPICAL TERM
Topical term or geographic name as entry element नवजागरणकालीन--विवेचन विश्लेषण
9 (RLIN) 78275
650 ## - SUBJECT ADDED ENTRY--TOPICAL TERM
Topical term or geographic name as entry element Hindi literature--Squid-compilation
9 (RLIN) 78276
650 ## - SUBJECT ADDED ENTRY--TOPICAL TERM
Topical term or geographic name as entry element Navjagrnkalin--interpretation analysis
9 (RLIN) 78277
942 ## - ADDED ENTRY ELEMENTS (KOHA)
Source of classification or shelving scheme Dewey Decimal Classification
Koha item type Hindi Books
Classification part 823.08
Call number suffix सुरेश
Holdings
Withdrawn status Lost status Source of classification or shelving scheme Damaged status Not for loan Home library Current library Date acquired Source of acquisition Cost, normal purchase price Total Checkouts Full call number Barcode Date last seen Date checked out Copy number Cost, replacement price Price effective from Koha item type
    Dewey Decimal Classification     Central Library Central Library 10/09/2015 Cen Lib/Ret 450.00 2 823.08 सुरेश B-117145 09/10/2019 16/09/2019 1 450.00 10/09/2015 Hindi Books

© Delhi Public Library
Hit Counter
free hit counter